00579cam a22002171 4500001001300000003000400013005001700017008004100034010001700075035002000092040001900112042001200131050002000143060002100163100001900184245002500203250003800228260005800266300002000324999001700344med46000321 DLC20260227111557.0810815s1946 xx d 000 0 ita  amed46000321  a(OCoLC)14753000 aDLCcDNLMdDLC apremarc00aR121b.F44 19460 aW 13bF393t 19461 aFerrio, Luigi.10aTerminologia medica. a3. ed. riveduta e molto ampliata. aTorino,bUnione tipografico-editrice torinese,c1946. a1 p. l., 789 p. c37920d37920